[Event "Hessen-ch Gr-D 65th"]
[Site "Gladenbach"]
[Date "2011.04.22"]
[Round "1"]
[White "Hertel, Wolfram"]
[Black "Schupp, Thomas"]
[Result "0-1"]
[WhiteElo "1599"]
[BlackElo "1669"]
[PlyCount "40"]
[EventDate "2011.04.22"]
[EventType "swiss"]
[EventRounds "5"]
[EventCountry "GER"]
[SourceTitle "CBM 142 Extra"]
[Source "ChessBase"]
[SourceDate "2011.06.27"]
[SourceVersion "1"]
[SourceVersionDate "2011.06.27"]
[SourceQuality "1"]

1. f4 Nc6 2. Nf3 d5 3. g3 Bg4 4. Bg2 e6 5. d3 Bc5 6. Nc3 a6 7. Bd2 Nge7 8. Na4 Ba7 9. b3 Nf5 10. Qc1 Bxf3 11. exf3 b5 12. Nb2 Qf6 13. Nd1 h5 14. a4 b4 15. c3 a5 16. cxb4 Ncd4 17. b5 Bb6 18. Rb1 0-0 19. Ne3 h4 20. g4 h3 0-1

[Event "Hessen-ch Gr-D 65th"]
[Site "Gladenbach"]
[Date "2011.04.22"]
[Round "2"]
[White "Krieger, Viktor"]
[Black "Hertel, Wolfram"]
[Result "0-1"]
[WhiteElo "1676"]
[BlackElo "1599"]
[PlyCount "21"]
[EventDate "2011.04.22"]
[EventType "swiss"]
[EventRounds "5"]
[EventCountry "GER"]
[SourceTitle "CBM 142 Extra"]
[Source "ChessBase"]
[SourceDate "2011.06.27"]
[SourceVersion "1"]
[SourceVersionDate "2011.06.27"]
[SourceQuality "1"]

1. e4 e5 2. Nf3 d6 3. Bc4 Be7 4. d3 Nf6 5. 0-0 0-0 6. c3 Nc6 7. Bb3 h6 8. Re1 Bg4 9. Nbd2 Nh7 10. Nf1 Ng5 11. Nxg5 0-1